World communication B¿hreat or promise? : a socio-technical approach.

Guardado en:
Bibliografiske detaljer
Hovedforfatter: Cherry, Colín (autor)
Format: Bog
Sprog:engelsk
Fag:
Tags: Tilføj Tag
Ingen Tags, Vær først til at tagge denne postø!

MARC

LEADER 00000cam^a2200000uu^4500
001 000476091
005 20250521000000.0
008 050901s1971^^^^^^^^^^^^rd^r^^000^0^eng^d
009 20260526150254.876
022 |a 0471153435 
035 |a FCE 000018960 
035 |a FCE 023838 
037 |a Acervo ITESO - Biblioteca 
041 |a eng 
082 0 4 |a 302.224  |b CHEw 
100 |a Cherry, Colín  |e (autor) 
245 1 0 |a World communication B¿hreat or promise? : a socio-technical approach. 
264 |a Londres :  |b Wiley-Interscience,  |c 1971. 
300 |a 229 p. 
336 |a texto  |b txt  |2 rdacontenido 
337 |a sin mediación  |b n  |2 rdamedio 
338 |a volumen  |b nc  |2 rdasoporte 
649 |a XX 
650 |a Comunicación 
650 |a Aspecto social 
650 |a Aspecto político 
650 |a Comunicación verbal 
650 |a Países desarrollados 
650 |a Países en desarrollo 
910 |a Fondo Centro de Estudios Educativos 
920 |a Impresos - Libros 
930 |a Fondos Especiales 
905 |a 133 
901 |a ALE023838  |b IT2  |c CEE  |u 20250521 
902 |a https://opac.biblio.iteso.mx/vufind/Record/000476091